Capitals of Africa-Sudden Death-The Content Update - Statistiques

Statistiques générales
  • Ce quiz a été pris 53 fois
    27 depuis la dernière actualisation
  • Le résultat moyen est 6 sur 7
Answers on the Grid
Answers color-coded by a green-red scale on the quiz's grid according to % correct below.
Tunis
Tripoli
Nairobi
Maputo
Cap Town
Bamako
Accra
Sanaa
Canberra
San Jose
Ottawa
Noumea
Beyrouth
Bagdad
 
Statistiques - réponses
Réponse % Correct
Maputo
100%
Accra
89%
Bamako
89%
Nairobi
89%
Tripoli
89%
Tunis
89%
Cap Town
67%
Aucun quiz correspondant
Distribution des résultats
% des personnes avec chaque résultat
Percentile par nombre de réponses
Votre historique - résultats
Vous n’avez pas pris ce quiz depuis la dernière actualisation